Discurso leído en la apertura de la Sección de Bellas Artes del Ateneo Científico y Literario de Madrid / (Record no. 160247)

MARC details
000 -LEADER
campo de control de longitud fija 01048nam a2200229 i 4500
001 - NÚMERO DE CONTROL
campo de control 160247
003 - IDENTIFICADOR DE NÚMERO DE CONTROL
campo de control ES-MaACL
005 - FECHA Y HORA DE LA ÚLTIMA TRANSACCIÓN
campo de control 20250722022927.0
008 - DATOS DE LONGITUD FIJA--INFORMACIÓN GENERAL
campo de control de longitud fija 931025s1886 sp |||| | spa d
100 1# - ENTRADA PRINCIPAL--NOMBRE DE PERSONA
Nombre de persona Morphy, Guillermo,
Fechas asociadas al nombre 1836-1899
9 (RLIN) 130217
245 10 - MENCIÓN DEL TÍTULO
Título Discurso leído en la apertura de la Sección de Bellas Artes del Ateneo Científico y Literario de Madrid /
Mención de responsabilidad, etc. por el conde de Morphy.
260 ## - PUBLICACIÓN, DISTRIBUCIÓN, ETC.
Lugar de publicación, distribución, etc. Madrid :
Nombre del editor, distribuidor, etc. [s.n.],
Fecha de publicación, distribución, etc. 1886 (
Fabricante Imp. y fundición de Manuel Tello)
300 ## - DESCRIPCIÓN FÍSICA
Extensión 58 p. ;
Dimensiones 26 cm.
530 ## - NOTA DISPONIBLE DE FORMULARIO FÍSICO ADICIONAL
Nota de formato físico adicional disponible Disponible en formato digital.
610 24 - PUNTO DE ACCESO ADICIONAL DE MATERIA--NOMBRE DE ENTIDAD CORPORATIVA
Nombre de entidad corporativa o nombre de jurisdicción como elemento de entrada Ateneo de Madrid-
Subdivisión de forma Conferencias-
Subdivisión cronológica S.XIX.
9 (RLIN) 1910
650 #4 - PUNTO DE ACCESO ADICIONAL DE MATERIA--TÉRMINO DE MATERIA
Término de materia o nombre geográfico como elemento de entrada Artes decorativas-
Subdivisión geográfica España.
9 (RLIN) 174870
650 #7 - PUNTO DE ACCESO ADICIONAL DE MATERIA--TÉRMINO DE MATERIA
Término de materia o nombre geográfico como elemento de entrada Arte español
Fuente del encabezamiento o término embne
9 (RLIN) 10189
710 2# - ENTRADA AGREGADA--NOMBRE DE ENTIDAD CORPORATIVA
Nombre de entidad corporativa o nombre de jurisdicción como elemento de entrada Ateneo de Madrid.
Unidad subordinada Sección de Literatura y Bellas Artes.
9 (RLIN) 2001
852 4# - LOCALIZACIÓN
Ubicación ES-MaACL
Número de control de estantería T-452-F-12
Nota libre - Enc. hol., falto de cub. original
-- - Enc. en un vol. facticio
856 4# - LOCALIZACIÓN Y ACCESO ELECTRÓNICOS
Identificador Uniforme de Recursos <a href="http://mdc.csuc.cat/cdm/ref/collection/fulletsAB/id/2470#dcId=1547654465147&p=1">http://mdc.csuc.cat/cdm/ref/collection/fulletsAB/id/2470#dcId=1547654465147&p=1</a>
Nota pública Ateneu Barcelonès
Holdings
Estatus retirado Estado de pérdida Estado de daño No para préstamo Colección Biblioteca de origen Biblioteca actual Ubicación en estantería Fecha de adquisición Total de préstamos Signatura topográfica completa Código de barras Visto por última vez Precio de reemplazo Tipo de ítem Koha
        Colección de folletos Biblioteca del Ateneo de Madrid Biblioteca del Ateneo de Madrid Depósito folletos 17/01/2008   T-452-F-12 1167791 23/02/2023 23/02/2023 Folleto